00625nam a2200169 a 450000100100000000500170001000800410002704000250006808200160009324501190010926000430022830000420027149000320031350400430034570000350038883000320042300001932620200929170002.0100624s1964 nyuab 000 0 eng d aDO-SdBNPbspacBNPHU annnnbW361h00aWe hold these truths... :ba documentary history of the United States /cWith introduction by Harold Earl Hammond. aNew York :bCambridge Book Co.,c1964. aviii, 1-376 p. :bil., maps ;c19 cm.1 a70 Great American Documents aIncluye notas al pie de las páginas.1 aHammond, Harold Earl,eintrod. 0a70 Great American Documents